Normal view
MARC view
Entry Personal Name
001 - CONTROL NUMBER
- control field: 344601
003 - CONTROL NUMBER IDENTIFIER
- control field: OSt
005 - DATE AND TIME OF LATEST TRANSACTION
- control field: 20220926041157.0
008 - FIXED-LENGTH DATA ELEMENTS
- fixed length control field: 220926|| aca||aabn | a|a d
040 ## - CATALOGING SOURCE
- Original cataloging agency: OSt
- Transcribing agency: OSt
100 ## - HEADING--PERSONAL NAME
- Personal name: India, Consulative Economists (Committee) (1942) (Chairman: A Ramaswami Mudaliar)
670 ## - SOURCE DATA FOUND
- Source citation: Work cat.: (OSt)666523: India, Consulative Economists (Committee) (1942) (Chairman: A Ramaswami Mudaliar) 344600, Proceedings of the second meeting held at New Delh, 1942
